LEADER 00834nam0-22003011i-450- 001 990002010070403321 005 20040607123745.0 035 $a000201007 035 $aFED01000201007 035 $a(Aleph)000201007FED01 035 $a000201007 100 $a20030910d1941----km-y0itay50------ba 101 0 $aeng 102 $aUS 105 $ay---a---001yy 200 1 $aImmunity against animal parasites$fJames T. Culbertson 210 $aNew York$cColumbia University Press$d1941 215 $a274 p.$d23 cm 610 0 $aImmunologia$aAnimale 676 $a616.079 700 1$aCulbertson,$bJames T.$084982 801 0$aIT$bUNINA$gRICA$2UNIMARC 901 $aBK 912 $a990002010070403321 952 $a61 III D.6/04$b1890$fDAGEN 959 $aDAGEN 996 $aImmunity against animal parasites$9402490 997 $aUNINA LEADER 01278nam--2200409---450- 001 990002309220203316 005 20070427133212.0 010 $a88-7814-080-5 035 $a000230922 035 $aUSA01000230922 035 $a(ALEPH)000230922USA01 035 $a000230922 100 $a20041228d1990----km-y0enga50------ba 101 $aita 102 $aIT 105 $aa---||||001yy 200 1 $aArcheologia urbana a Roma$eil progetto della crypta Balbi 5$el' esedra della Crypta Balbi nel Medioevo$e11.-15. secolo$fpresentazione di Daniele Manacorda$ga cura di Lucia Segni 210 $aFirenze$cAll'insegna del Giglio$d1990 215 $a2. v.$cill.$d29 cm 327 1 $a : 168 p. - : P. 169-645 410 0$12001 454 1$12001 461 1$1001-------$12001 606 0 $aArcheologia Medievale$yRoma 676 $a945.632 700 1$aMANACORDA,$bDaniele$040016 702 1$aSEGNI,$bLucia 801 0$aIT$bsalbc$gISBD 912 $a990002309220203316 951 $aC II d 28/I$bDLM$cC II 951 $aC II d 28/II$bDLM$cC II 959 $aBK 969 $aDILAM 979 $aACQUISTI$b10$c20041228$lUSA01$h1033 979 $aDILAM$b90$c20070427$lUSA01$h1332 996 $aArcheologia urbana a Roma$9282765 997 $aUNISA